| 000 | 01259cam a2200313 a 4500 | ||
|---|---|---|---|
| 001 | 16542354 | ||
| 003 | ARRUPE | ||
| 005 | 20140322020012.0 | ||
| 008 | 101118s2010 ke a b 001 0 eng | ||
| 010 | _a 2010306884 | ||
| 020 | _a9781906387716 | ||
| 020 | _a1906387710 | ||
| 040 |
_aDLC _cDLC _dDLC |
||
| 042 |
_apcc _alcode |
||
| 050 | 0 | 0 |
_aDT448.2 _b.A37 2010 |
| 245 | 0 | 0 |
_aAfrica's liberation : _bthe legacy of Nyerere / _cedited by Chambi Chachage and Annar Cassam. |
| 260 |
_aNairobi : _bPambazuka Press ; _aKampala : _bFountain Publishers, _c2010. |
||
| 300 |
_axvii, 195 p. : _bill. ; _c20 cm. |
||
| 504 | _aIncludes bibliographical references and index. | ||
| 600 | 1 | 0 |
_aNyerere, Julius K. _q(Julius Kambarage), _d1922-1999. _91272 |
| 651 | 0 |
_aTanzania _xPolitics and government _y1964- _91273 |
|
| 700 | 1 |
_aChachage, Chambi. _91274 |
|
| 700 | 1 |
_aCassam, Annar. _91275 |
|
| 856 | 4 | 2 |
_3Contributor biographical information _uhttp://www.loc.gov/catdir/enhancements/fy1111/2010306884-b.html |
| 856 | 4 | 2 |
_3Publisher description _uhttp://www.loc.gov/catdir/enhancements/fy1111/2010306884-d.html |
| 906 |
_a7 _bcbc _corigres _d3 _encip _f20 _gy-gencatlg |
||
| 942 |
_2lcc _cMONOGRAPH _02 |
||
| 999 |
_c118047 _d118047 |
||